Vi sinh vật học T.1 Vi sinh vật học

Mở đầu; Vi khuẩn; Xạ khuẩn. niêm vi khuẩn. xoắn thể. ricketxị và mycoplasma; Nấm men và nấm mốc; Virút; Vi khuẩn lam và tảo

Enregistré dans:
Détails bibliographiques
Auteur principal: Nguyễn Lân Dũng (Tác giả)
Autres auteurs: Phạm Văn Ty (Tác giả), Dương Đức Tiến (Tác giả)
Format: Livre
Langue:Vietnamese
Publié: H. Đại học và trung học chuyên nghiệp 1979
Édition:Xuất bản lần 2; Có sửa chữa và bổ sung
Sujets:
Tags: Ajouter un tag
Pas de tags, Soyez le premier à ajouter un tag!
Thư viện lưu trữ: Mạng thư viện Đại học Đà Nẵng
LEADER 01459nam a2200385 4500
001 000009081
003 5275
005 20120315080327.0
008 111025s1979 viesd
020 |c 2đ 
041 0 |a vie 
082 |a 579  |b NG-D 
100 0 |a Nguyễn Lân Dũng  |e Tác giả 
245 1 0 |a Vi sinh vật học  |c Nguyễn Lân Dũng; Phạm Văn Ty; Dương Đức Tiến  |n T.1  |p Vi sinh vật học 
250 |a Xuất bản lần 2; Có sửa chữa và bổ sung 
260 |a H.  |b Đại học và trung học chuyên nghiệp  |c 1979 
300 |a 335 tr.tranh ảnh  |c 21 cm 
520 |a Mở đầu; Vi khuẩn; Xạ khuẩn. niêm vi khuẩn. xoắn thể. ricketxị và mycoplasma; Nấm men và nấm mốc; Virút; Vi khuẩn lam và tảo 
653 |a Vi sinh vật 
653 |a Sinh học 
653 |a Tập 1 
700 |a Phạm Văn Ty  |e Tác giả 
700 |a Dương Đức Tiến  |e Tác giả 
773 |t Vi sinh vật học  |w 5266 
910 |a duyên 
OWN |a LSP 
AVA |a UDN50  |b LSP  |d 579 NG-D  |e available  |t Error 5001 Not defined in file expand_doc_bib_avail.  |f 2  |g 1  |h N  |i 0  |k 1 
999 |a From the UDN01 
AVA |a UDN50  |b LSP  |d 579 NG-D  |e available  |t Error 5001 Not defined in file expand_doc_bib_avail.  |f 2  |g 1  |h N  |i 0  |k 1 
TYP |a Monograph 
TYP |a Printed language 
980 |a Mạng thư viện Đại học Đà Nẵng